10 most inbred states in the United States - Statistics

General Stats
  • This quiz has been taken 281 times
  • The average score is 3 of 10
Answer Stats
Hint Answer % Correct
#1 Kentucky
87%
#4 Virginia
44%
#2 Maine
39%
#6 Washington
32%
#7 Georgia
29%
#3 Delaware
22%
#8 Oregon
21%
#5 Maryland
17%
#9 Indiana
12%
#10 New Mexico
11%
No matching quizzes found
Score Distribution
Percent of People with Each Score
Percentile by Number Answered
Your Score History
You have not taken this quiz